000 01042nam a2200253Ia 4500
003 OSt
005 20220923225335.0
006 a|||||r|||| 00| 0
007 ta
008 220922b |||||||| |||| 00| 0 mar d
024 _a263,694
037 _cTextual
040 _aARTS
_cARTS
_bmar
041 _2mar
_amar
082 _aV2,1y7K30, 155K4
100 _aशेजवलकर, ×ंयबक शंकर
_9168604
245 0 _aश्रीशिवछत्रपति* संकल्पित शिवचरित्राची प्रस्तावना, आराखडा व साधनें
246 _aShrīshivachhatrapati: sankalpit shivacharitrāchī prastāvanā, ārākhaḍā v sādhanean
260 _aमुंबई
_b मराठा मंदिर प्रकाशन
_c1964
300 _a640पृ0
_ccm.
650 _aविश्व-इतिहास
942 _hV2,1y7K30, 155K4
_cTEXL
_2CC
999 _c377645
_d377645